00581nam a2200181Ia 4500003000900000008004100009020001800050040001600068080001700084100001900101245009900120260003100219300001500250490005700265650004100322650001600363650002000379IN-BaIIA211028s9999 xx 000 0 eng d a0-85274-138-3 cIIA Library a520.362bVAU aVaughan, J. M. 4aThe fabry-perot interferometerc J. M. Vaughan  aBristolbAdam Hilgerc1989 axix, 583p. aThe Adam Hilger series on optics and optoelectronics aAstronomy and astrophysics thesaurus aFabry-Perot aInterferometers